| 000 | 00859pam a2200265 a 4500 | ||
|---|---|---|---|
| 001 | TB12138 | ||
| 003 | IN-BhIIT | ||
| 005 | 20250514142907.0 | ||
| 008 | 850520s1986 enk b 001 0 eng | ||
| 020 | _a9780521367646 (pbk) | ||
| 040 | _aIN-BhIIT | ||
| 041 | 1 | _aeng | |
| 082 | 0 | 0 |
_a512.44 _bMAT/C |
| 100 | 1 |
_aMatsumura, Hideyuki _eAuthor _925182 |
|
| 245 | 1 | 0 |
_aCommutative ring theory / _cHideyuki Matsumura; translated by M. Reid. |
| 260 |
_aNew York, N.Y., U.S.A. : _bCambridge University Press, _c1986. |
||
| 300 |
_axiii, 320 p. ; _bill. ; _c24 cm. |
||
| 490 | _aCambridge studies in advanced mathematics ; 8 | ||
| 500 | _aTranslation of: Kakankanron. | ||
| 504 | _aIncludes bibliographical references and index. | ||
| 650 | 0 |
_aCommutative rings _924977 |
|
| 650 | 0 |
_aRings (Algebra). _924976 |
|
| 650 | 0 |
_aRing theory. _925183 |
|
| 942 |
_cTB _02 |
||
| 999 |
_c14542 _d14542 |
||